[Event "81st Tata Steel Tienkamp 2019"]
[Site "Wijk aan Zee"]
[Date "2019.01.26"]
[Round "8"]
[White "Mamedjarova, Zeinab"]
[Black "Beerdsen, Thomas"]
[Result "0-1"]
[WhiteElo "2311"]
[BlackElo "2484"]
[Annotator "ChessBase"]
[PlyCount "122"]
[EventDate "2019.01.12"]
[EventType "tourn"]
[EventCountry "NED"]
[SourceTitle "playchess.com"]
[Source "ChessBase"]
[SourceQuality "1"]
[TimeControl "40/6000+30:20/3000+30:900+30"]

1. d4 {[%emt 0:00:13]} f5 {[%emt 0:00:00]} 2. Nc3 {[%emt 0:04:54]} Nf6 {[%emt 0:00:00]} 3. Bg5 {[%emt 0:00:07]} d5 {[%emt 0:00:07]} 4. Bxf6 {[%emt 0:01:32]} exf6 {[%emt 0:00:30]} 5. e3 {[%emt 0:01:30]} Be6 {[%emt 0:00:05]} 6. Bd3 {[%emt 0:00:38]} Nc6 {[%emt 0:00:09]} 7. Nge2 {[%emt 0:03:03]} Qd7 {[%emt 0:03:37]} 8. Nf4 {[%emt 0:06:09]} Bf7 {[%emt 0:01:36]} 9. h4 {[%emt 0:03:30]} O-O-O {[%emt 0:02:15]} 10. h5 {[%emt 0:12:24]} Bb4 {[%emt 0:05:00]} 11. Qf3 {[%emt 0:02:44]} g5 {[%emt 0:08:51]} 12. Nfe2 {[%emt 0:09:43]} Be6 {[%emt 0:02:28]} 13. h6 {[%emt 0:04:23]} Rhe8 {[%emt 0:11:43]} 14. g3 {[%emt 0:08:09]} a6 {[%emt 0:02:30]} 15. O-O-O {[%emt 0:00:55]} Ne7 {[%emt 0:03:29]} 16. g4 {[%emt 0:07:45]} Rg8 {[%emt 0:08:04]} 17. gxf5 {[%emt 0:07:33]} Nxf5 {[%emt 0:00:18]} 18. a3 {[%emt 0:10:06]} Bf8 {[%emt 0:02:25]} 19. e4 {[%emt 0:04:21]} Nh4 {[%emt 0:05:43]} 20. Qe3 {[%emt 0:00:56]} Re8 {[%emt 0:02:33]} 21. Qd2 {[%emt 0:06:24]} dxe4 {[%emt 0:01:18]} 22. Nxe4 {[%emt 0:00:44]} Qf7 {[%emt 0:02:09]} 23. Qa5 {[%emt 0:02:52]} Bc4 {[%emt 0:04:56]} 24. Bxc4 {[%emt 0:04:36]} Qxc4 {[%emt 0:00:09]} 25. N2g3 {[%emt 0:01:02]} Rg6 {[%emt 0:03:10]} 26. Rd3 {[%emt 0:01:03]} Qb5 {[%emt 0:00:55]} 27. Qd2 {[%emt 0:02:25]} Bxh6 {[%emt 0:02:13]} 28. Kb1 {[%emt 0:00:00]} f5 {[%emt 0:03:55]} 29. Nc5 {[%emt 0:01:21]} Rd6 {[%emt 0:03:01]} 30. Re1 {[%emt 0:01:07]} g4 {[%emt 0:00:41]} 31. Qd1 {[%emt 0:01:03]} b6 {[%emt 0:09:08]} 32. Rxe8+ {[%emt 0:01:44]} Qxe8 {[%emt 0:00:07]} 33. Qh1 {[%emt 0:00:57]} bxc5 {[%emt 0:00:20]} 34. Qxh4 {[%emt 0:00:10]} Qe1+ {[%emt 0:01:13]} 35. Ka2 {[%emt 0:00:01]} cxd4 {[%emt 0:01:31]} 36. Qh5 {[%emt 0:00:29]} Qe6+ {[%emt 0:00:21]} 37. Kb1 {[%emt 0:01:05]} Rd5 {[%emt 0:00:18]} 38. Qh1 {[%emt 0:00:41]} f4 {[%emt 0:02:11]} 39. Ne2 {[%emt 0:00:31]} c5 {[%emt 0:02:40]} 40. Nc3 {[%emt 0:00:14]} Re5 {[%emt 0:00:21]} 41. Qa8+ {[%emt 0:50:36]} Kd7 {[%emt 0:58:36]} 42. b3 {[%emt 0:00:41]} Ke7 {[%emt 0:02:08]} 43. Na4 {[%emt 0:00:00]} Kf6 {[%emt 0:00:00]} 44. Qa7 {[%emt 0:00:00]} Bf8 {[%emt 0:00:00]} 45. Qxh7 {[%emt 0:00:00]} Bg7 {[%emt 0:00:00]} 46. f3 {[%emt 0:00:00]} Qf5 {[%emt 0:00:00]} 47. Qh4+ {[%emt 0:00:00]} Qg5 {[%emt 0:00:00]} 48. Qxg4 {[%emt 0:00:00]} Qxg4 {[%emt 0:00:00]} 49. fxg4 {[%emt 0:00:00]} Kg5 {[%emt 0:00:00]} 50. Rd1 {[%emt 0:00:00]} f3 {[%emt 0:00:00]} 51. Nb2 {[%emt 0:00:00]} Bf8 {[%emt 0:00:00]} 52. Nd3 {[%emt 0:00:00]} Re2 {[%emt 0:00:00]} 53. Rg1 {[%emt 0:00:45]} Bd6 {[%emt 0:00:00]} 54. Kc1 {[%emt 0:01:33]} Bf4+ {[%emt 0:00:00]} 55. Kb2 {[%emt 0:00:49]} f2 {[%emt 0:00:00]} 56. Rf1 {[%emt 0:02:53]} Bg3 {[%emt 0:00:00]} 57. Nxc5 {[%emt 0:01:33]} Re1 {[%emt 0:00:00]} 58. Rxf2 {[%emt 0:00:18]} Bxf2 {[%emt 0:00:00]} 59. Nxa6 {[%emt 0:00:14]} d3 {[%emt 0:00:00]} 60. cxd3 {[%emt 0:00:04]} Bd4+ {[%emt 0:00:00]} 61. Kc2 {[%emt 0:15:04]} Re2+ {[%emt 0:00:30]} 0-1

[Event "81st Tata Steel Tienkamp 2019"]
[Site "Wijk aan Zee"]
[Date "2019.01.27"]
[Round "9"]
[White "Beerdsen, Thomas"]
[Black "Brink, Barry"]
[Result "1/2-1/2"]
[WhiteElo "2484"]
[BlackElo "2385"]
[Annotator "TA"]
[PlyCount "52"]
[EventDate "2019.01.12"]
[EventType "tourn"]
[EventCountry "NED"]
[SourceTitle "playchess.com"]
[Source "ChessBase"]
[SourceQuality "1"]

{[%evp 12,52,34,29,33,11,26,-15,26,-14,0,-23,-43,-28,-31,-26,-18,-43,-29,-35,-8,-42,0,0,0,0,0,0,0,-27,-8,-190,-198,-170,0,-211,-21,-73,-35,-11,-20,-22,-24]} 1. e4 c5 ({Predecessor:} 1... e6 2. d4 c5 {0-1 (30) Linke,M (1719)-Wilschrey,A (1419) Leverkusen 2010}) 2. Nf3 e6 3. d4 cxd4 4. Nxd4 Nc6 5. Nc3 ({Predecessor:} 5. Be3 Be7 6. Qd2 a6 7. Nc3 {0-1 (30) Linke,M (1719)-Wilschrey,A (1419) Leverkusen 2010}) 5... Qc7 6. Be3 a6 7. Qd2 Be7 $146 {B48: Sicilian: Taimanov: 5 Nc3 Qc7 6 Be3 a6 without Be2} (7... Nf6 8. O-O-O Be7 9. f3 b5 10. g4 Nxd4 11. Bxd4 Bb7 12. Kb1 O-O 13. Bd3 b4 14. Ne2 e5 15. Be3 d5 16. g5 Nxe4 17. fxe4 dxe4 {0-1 (48) Amonatov,F (2614)-Inarkiev,E (2693) St Petersburg 2018}) 8. f4 ({Predecessor:} 8. Nb3 b5 9. f4 Bb7 {0-1 (30) Linke,M (1719)-Wilschrey,A (1419) Leverkusen 2010}) 8... b5 9. O-O-O Bb7 10. Nb3 Nf6 ({Predecessor:} 10... Rd8 11. Qf2 Rc8 12. e5 Nb4 13. Bb6 {0-1 (30) Linke,M (1719)-Wilschrey,A (1419) Leverkusen 2010}) 11. Nc5 (11. e5 {keeps more tension.} b4 12. Na4 Nd5 13. Nbc5 O-O 14. Bd3) 11... d6 12. Nxb7 Qxb7 13. Bd3 O-O 14. Qe2 Rac8 15. Kb1 Rfd8 16. Rhf1 Bf8 17. g4 Nd7 18. g5 Nc5 19. Bxc5 dxc5 20. e5 c4 21. Bxh7+ $2 (21. Be4 $11 b4 22. Na4) 21... Kxh7 $19 22. Ne4 Rxd1+ $2 (22... g6 $1 $19 {Strongly threatening ...Be7.} 23. Qf3 Rxd1+ 24. Rxd1 Be7) 23. Qxd1 $2 {[#]} (23. Rxd1 $11 {and White has nothing to worry.} Kg8 24. g6 $1 {[%mdl 512]} fxg6 25. Qg4) 23... Be7 $2 (23... g6 $1 $19 {aiming for ...Kg7.} 24. Nf6+ Kg7) 24. Qh5+ $11 Kg8 {[#] Threatens to win with ...g6.} 25. Nf6+ $1 {[%mdl 512]} Bxf6 $1 (25... gxf6 26. g6) 26. gxf6 {[#] Threatening mate with Rg1.} Ne7 $1 {[%mdl 512] Accuracy: White = 56%, Black = 58%.} 1/2-1/2

[Event "81st Tata Steel Tienkamp 2019"]
[Site "Wijk aan Zee"]
[Date "2019.01.27"]
[Round "9"]
[White "Vrolijk, Liam"]
[Black "Mamedjarova, Zeinab"]
[Result "1-0"]
[WhiteElo "2433"]
[BlackElo "2311"]
[Annotator "TA"]
[PlyCount "99"]
[EventDate "2019.01.12"]
[EventType "tourn"]
[EventCountry "NED"]
[SourceTitle "playchess.com"]
[Source "ChessBase"]
[SourceQuality "1"]

{[%evp 16,99,39,32,45,56,74,62,73,63,87,56,67,62,98,91,111,104,114,108,112,103,114,102,200,194,401,381,427,440,413,374,354,271,254,266,266,258,286,288,277,243,263,253,239,203,268,267,307,314,314,288,317,304,246,203,393,411,382,385,429,222,222,222,222,223,216,154,169,154,301,297,447,411,410,404,787,590,590,404,544,424,946,872,1034,922]} 1. d4 f5 2. g3 g6 3. Bg2 Nf6 4. Nf3 Bg7 5. O-O O-O 6. b3 d6 7. Bb2 c6 8. Nbd2 Na6 9. Ne1 {LiveBook: 15 Games} Nc7 {A81: Dutch Defence: 2 g3} 10. Nd3 Qe8 11. e3 Bd7 {White is slightly better.} 12. Qe2 Ng4 $146 ({Predecessor:} 12... g5 13. c4 Qg6 14. Rad1 Ne4 15. f3 Nxd2 16. Qxd2 Ne8 17. f4 {1-0 (32) Luther,T (2559)-Strache,M (2325) Germany 2013}) 13. e4 fxe4 14. Nxe4 Nb5 15. h3 Nh6 16. c3 {[%cal Bc2c3,Bc3c4][%mdl 32]} Rd8 17. Rae1 Nc7 18. g4 b6 19. f4 c5 {[#]} (19... Bc8 $16 {was called for.}) 20. d5 $1 $18 {[%mdl 512]} Nf7 $2 (20... c4 {was necessary.}) (20... Nxd5 21. Nxd6) 21. c4 b5 22. Bxg7 Kxg7 23. Qb2+ Kg8 {[#]} 24. Nf6+ $1 {[%mdl 512]} exf6 25. Rxe8 Nxe8 26. Re1 a6 27. Re7 Bc8 28. Nf2 f5 29. Bf1 b4 30. Bd3 Ng7 31. a3 a5 32. Ra7 (32. axb4 axb4 33. Qf6 Rd7 $18) 32... Rde8 33. Rxa5 bxa3 34. Rxa3 ({But not} 34. Qxa3 $6 fxg4 35. hxg4 Nh6 $18) 34... g5 35. gxf5 gxf4 $2 (35... Bxf5 36. Bxf5 Re1+ 37. Kh2 Nxf5) 36. Ng4 Ne5 37. Ra7 Bxf5 38. Nxe5 (38. Nh6+ $142 Kh8 39. Rxg7 $1 {[%mdl 512]} Bxd3 40. Rf7) 38... Rxe5 39. Qg2 {[%csl Ga7][%cal Rg2g7]} Rf7 40. Ra8+ $40 {[%mdl 128] White goes for the king.} Rf8 {[#]} 41. Rxf8+ $1 Kxf8 42. Bxf5 Rxf5 {[%mdl 4096] Endgame KQ-KRN} (42... Nxf5 $16 43. Qg4 Ke7 44. Qg5+ (44. Qxf4 Kf6 $16) 44... Kf7 45. Qh5+ (45. Qxf4 Kf6 $16) 45... Kg7 46. Qg5+ Kf7) 43. Qe4 f3 (43... Rg5+ $142 44. Kf2 Kf7 45. Qxh7 Rh5) 44. Kf2 Rf7 45. Qxh7 Nf5 (45... Rf6 $142 46. Qh8+ Kf7) 46. Qh8+ Ke7 47. Kxf3 Nd4+ 48. Ke4 {White is clearly winning.} Nxb3 (48... Nf5 $142 49. Qg8 Nh6) 49. Qb8 Nd2+ 50. Kd3 {Precision: White = 54%, Black = 39%.} 1-0

[Event "81st Tata Steel Tienkamp 2019"]
[Site "Wijk aan Zee"]
[Date "2019.01.27"]
[Round "9"]
[White "Rapport, Jovana"]
[Black "Warmerdam, Max"]
[Result "1/2-1/2"]
[WhiteElo "2375"]
[BlackElo "2440"]
[Annotator "TA"]
[PlyCount "26"]
[EventDate "2019.01.12"]
[EventType "tourn"]
[EventCountry "NED"]
[SourceTitle "playchess.com"]
[Source "ChessBase"]
[SourceQuality "1"]

{[%evp 9,26,17,20,-11,-10,-10,-10,-16,-10,-18,-17,-27,0,-6,7,12,10,0,20]} 1. d4 Nf6 2. Nf3 g6 3. g3 Bg7 4. Bg2 c5 5. dxc5 (5. c4 cxd4 6. Nxd4 h5 7. h3 O-O 8. Nc3 Nc6 9. O-O d6 10. e3 Bd7 11. b3 a6 12. Bb2 Rb8 {½-½ (48) Fridman,D (2633)-Zvjaginsev,V (2642) St Petersburg 2018}) 5... Qa5+ {LiveBook: 10 Games} 6. Qd2 {A49: 1 d4 Nf6 2 Nf3 g6 3 g3: Anti-King's Indian systems} Qxc5 7. Qc3 Qxc3+ $146 ({Predecessor:} 7... Na6 8. Be3 Qh5 9. Qb3 O-O 10. Nc3 d6 11. Ng5 h6 12. Nge4 Nxe4 13. Bxe4 {0-1 (72) Baloutsou,V-Kouvatsou,M (2145) Athens 1996}) 8. Nxc3 O-O 9. Bd2 Nc6 10. O-O-O d6 11. h3 {The position is equal.} h6 12. Kb1 Be6 13. e3 d5 1/2-1/2